000 00667nam a22002055 4500
001 vdz2f0ptsb5kgpg8
003 LIBRIS
005 20241123153950.0
007 cr ||| |||||
008 240306s2022 xx |||||o|||||000 ||eng|d
020 _z9280532642 (print)
035 _a(SFX)5700000000496072
040 _aSEK
_cKWIU
041 _aeng
100 0 _aWorld Intellectual Property Organization
245 1 0 _aWIPO Patent Drafting Manual
_h[Elektronisk resurs]
264 1 _bWorld Intellectual Property Organization,
_c2022
856 4 0 _uhttps://www.wipo.int/edocs/pubdocs/en/wipo-pub-867-23-en-wipo-patent-drafting-manual.pdf
_yOnline Book
942 _2udc
_cMX
999 _c2253
_d2253